Defending the digital frontier: Practical securtity for management

Na minha lista:
Detalhes bibliográficos
Autor principal:  Babiak, Jan
Formato: Sách
Idioma:Undetermined
Publicado em:  John Wiley & Sons, Inc.  2005
Assuntos:
Tags: Adicionar Tag
Sem tags, seja o primeiro a adicionar uma tag!
Thư viện lưu trữ: Trung tâm Thư viện - Trường Đại học Công nghiệp TP. Hồ Chí Minh
LEADER 00520nam a2200157Ia 4500
001 UIH_04532
008 231011s9999 xx 000 0 und d
082 |a  004.16 
100 |a  Babiak, Jan 
245 0 |a  Defending the digital frontier: Practical securtity for management 
245 0 |c  Babiak, Jan 
260 |b  John Wiley & Sons, Inc. 
260 |c  2005 
650 |a  Dữ liệu máy tính;  
927 |a Sách 
980 |a Trung tâm Thư viện - Trường Đại học Công nghiệp TP. Hồ Chí Minh